LEADER 01406nam a2200289 i 4500 001 991001849079707536 005 20020507152647.0 008 991021s1994 it ||| | ita 020 $a8814046069 035 $ab11572991-39ule_inst 035 $aLE02726229$9ExL 040 $aDip.to Studi Giuridici$bita 082 0 $a347.45077 110 2 $aConsiglio nazionale del notariato$032470 245 10$aDelegabilità ai notai delle operazioni di incanto nelle espropriazioni immobiliari :$bnormativa vigente e prospettive di riforma :$batti del Convegno, Roma, 22-23 maggio 1993 /$c[organizzato da] Consiglio nazionale del notariato 260 $aMilano :$bA. Giuffré,$c[1994] 300 $aix, 378 p. ;$c24 cm. 500 $aSeguono appendici 500 $aTit. sul dorso: Delegabilità ai notai delle operazioni di incanto nelle espropriazioni immobiliari 650 4$aEspropriazione forzata - Adempimenti notarili$xCongressi 740 0 $aDelegabilità ai notai delle operazioni di incanto nelle espropriazioni immobiliari 907 $a.b11572991$b02-04-14$c02-07-02 912 $a991001849079707536 945 $aLE027 347 CNN01.01$g1$iLE027-6973$lle027$o-$pE0.00$q-$rl$s- $t0$u0$v0$w0$x0$y.i11778064$z02-07-02 996 $aDelegabilità ai notai delle operazioni di incanto nelle espropriazioni immobiliari$9895909 997 $aUNISALENTO 998 $ale027$b01-01-99$cm$da $e-$fita$git $h0$i1 LEADER 01384nam a22002411i 4500 001 991004091709707536 005 20031003082943.0 008 031111s1990 uik|||||||||||||||||eng 035 $ab12519261-39ule_inst 035 $aARCHE-055253$9ExL 040 $aDip.to Lingue$bita$cA.t.i. Arché s.c.r.l. Pandora Sicilia s.r.l. 082 04$a823.5 100 1 $aDefoe, Daniel$069634 245 10$aRoxana, the fortunate mistress, or a history of the life and vast variety of fortunes of Mademoiselle de Beleau, afterwards called the Countess de Wintselsheim in Germany, being the person known by the name of the Lady Roxana in the time of Charles II /$cDaniel Defoe ; edited with an introduction and notes by Jane Jack 260 $aOxford :$bOxford University Press,$c1990 300 $aXVIII, 333 p. ;$c21 cm 440 4$aThe world' s Classics 907 $a.b12519261$b02-04-14$c13-11-03 912 $a991004091709707536 945 $aLE012 828.5 DEF 10$g1$i2012000135796$lle012$o-$pE0.00$q-$rl$s- $t0$u1$v0$w1$x0$y.i12960147$z13-11-03 996 $aRoxana, the fortunate mistress, or a history of the life and vast variety of fortunes of Mademoiselle de Beleau, afterwards called the Countess de Wintselsheim in Germany, being the person known by the name of the Lady Roxana in the time of Charles II$9183931 997 $aUNISALENTO 998 $ale012$b13-11-03$cm$da $e-$feng$guik$h0$i1